000
00349nam a2200145Ia 4500
008
220923s9999 xx 000 0 und d
020
_a
978-93-5143-005-6
082
_b
KAN
100
_a
KANADE, JAI
245
0
_a
PUBLIC INTERNATIONAL LAW
260
_b
LEXIS NEXIS, GURGAON
_c
2013
300
_a
442
650
_a
International Law
942
_c
BK
999
_c
195213
_d
195213